| 000 | 00467nam a2200169Ia 4500 | ||
|---|---|---|---|
| 008 | 151213s9999 xx 000 0 und d | ||
| 020 | _a087352975- 8 | ||
| 100 | _aJoseph Gibaldi | ||
| 245 |
_aMLA Handbook for Writers of Reference Papers _cJoseph Gibaldi |
||
| 250 | _a5th | ||
| 260 |
_aNew York _bModern Language Association at America _c1999 |
||
| 300 | _a4484 p. | ||
| 650 | _aReference | ||
| 650 | _aReference Book | ||
| 700 | _aJoseph Gibaldi | ||
| 999 |
_c2859 _d2859 |
||